000 00440nab a2200145Ia 4500
003 ES-SlBCS
005 20210601125448.0
008 140529s1980 xxu||||| |||| 00| 0 eng d
041 _aeng
100 1 _aPols, Edward
_9157537
245 0 4 _aThe Ontology of the Rational Agent
_c Edward Pols
650 0 4 _aOntología-Agente Racional
_9158946
773 0 _tReview of Methaphysics
_gvol. 33, nº. 132, 1980, págs. 689-710
_wRev843
942 _cAR
999 _c530732
_d530732